| 000 | 00498nam a2200193Ia 4500 | ||
|---|---|---|---|
| 005 | 20250603150029.0 | ||
| 008 | 250603s9999 xx 000 0 und d | ||
| 020 | _a9780781765077 | ||
| 050 | _aRB 145 .W74/ | ||
| 100 | _aEdited by John P. Greer...[et al.]. | ||
| 245 | 0 | _aWintrobe’s clinical hematology (Vol. 1) | |
| 250 | _a12th ed. | ||
| 260 | _aPhiladelphia | ||
| 260 | _bLippincott Williams & Wilkins | ||
| 260 | _c2009 | ||
| 300 | _a1272 p | ||
| 650 | _aPhiladelphia | ||
| 942 | _cBK | ||
| 999 |
_c43558 _d43558 |
||